LIBRARY & INFORMATION CENTRE, KCAET, TAVANUR

ONLINE PUBLIC ACCESS CATALOGUE (OPAC)

Sur sahitya aur siddant / (Record no. 12682)

MARC details
000 -LEADER
fixed length control field 00436cam a2200181ua 4500
041 ## - LANGUAGE CODE
Language code of text/sound track or separate title hin
082 ## - DEWEY DECIMAL CLASSIFICATION NUMBER
Classification number 891.53
Item number YAJ/SU
100 ## - MAIN ENTRY--AUTHOR NAME
Personal name Yajndath, Sharma .
245 ## - TITLE STATEMENT
Title Sur sahitya aur siddant /
250 ## - EDITION STATEMENT
Edition statement 1 /
260 ## - PUBLICATION, DISTRIBUTION, ETC. (IMPRINT)
Place of publication Delhi :
Name of publisher Atmaram and sons ,
Year of publication 1955.
300 ## - PHYSICAL DESCRIPTION
Number of Pages 159 ; .
942 ## - ADDED ENTRY ELEMENTS (KOHA)
Koha item type Books
Holdings
Withdrawn status Lost status Damaged status Home library Current library Date acquired Full call number Accession Number Koha item type
Withdrawn     KAUAET Sanskrit University 07/04/2012 891.53 9716 Books
free website counter